Harry Potter Movie Picture Quiz - Characters #5 - Statistics

General Stats
  • This quiz has been taken 42 times
  • The average score is 13 of 16
Answer Stats
Picture Answer % Correct
Alastor "Mad-Eye" Moody
97%
Luna Lovegood
97%
Voldemort
97%
Peter Pettigrew
94%
Remus Lupin
94%
Draco Malfoy
89%
Narcissa Malfoy
86%
Dudley Dursley
83%
Filius Flitwick
83%
Marge Dursley
83%
Helena Ravenclaw
80%
Xenophilius Lovegood
80%
Ariana Dumbledore
77%
Kingsley Shacklebolt
77%
Mundungus Fletcher
69%
Arabella Figg
63%
No matching quizzes found
Score Distribution
Percent of People with Each Score
Percentile by Number Answered
Your Score History
You have not taken this quiz